Cricket: Bowlers to Average Below 26 in Tests and ODIs - Statistics

General Stats
  • This quiz has been taken 15 times
  • The average score is 21 of 27
Answer Stats
Country Years Test Avg ODI Avg Mean Avg Answer % Correct
AUS 1993-2007 21.64 22.02 21.83 Glenn McGrath
100%
AUS 2010-2021* 27.57 22.45 25.01 Mitchell Starc
100%
SA 2004-2019 22.95 25.95 24.45 Dale Steyn
93%
SA 2015-2021* 22.75 27.81 25.28 Kagiso Rabada
93%
SL 1992-2011 22.27 23.08 22.68 Muttiah Muralitharan
93%
WI 1978-1992 20.94 26.96 23.95 Malcolm Marshall
87%
WI 1975-1987 23.68 21.36 22.52 Michael Holding
87%
AUS 2011-2021* 21.59 28.78 25.19 Pat Cummins
87%
AUS 1992-2007 25.41 25.73 25.57 Shane Warne
87%
SA 1995-2008 23.11 24.50 23.81 Shaun Pollock
87%
WI 1988-2000 20.99 24.12 22.56 Sir Curtly Ambrose
87%
NZ 1973-1990 22.29 21.56 21.93 Sir Richard Hadlee
87%
PAK 1989-2003 23.56 23.84 23.70 Waqar Younis
87%
PAK 1984-2003 23.62 23.52 23.57 Wasim Akram
87%
SA 1991-2003 22.25 21.78 22.02 Allan Donald
80%
AUS 1971-1984 23.92 20.82 22.37 Dennis Lillee
80%
PAK 1971-1992 22.81 26.61 24.71 Imran Khan
80%
AUS 1996-2006 26.13 25.42 25.78 Jason Gillespie
80%
AUS 2010-2021* 25.65 25.08 25.37 Josh Hazlewood
80%
WI 1974-1983 25.61 20.35 22.98 Sir Andy Roberts
80%
ENG 1971-1984 25.20 24.60 24.90 Bob Willis
73%
WI 1977-1987 20.97 18.84 19.91 Joel Garner
73%
WI 1988-1998 24.27 26.50 25.39 Ian Bishop
60%
PAK 2008-2015 28.10 22.72 25.41 Saeed Ajmal
53%
PAK 1995-2004 29.83 21.78 25.81 Saqlain Mushtaq
47%
AUS 1981-1991 27.15 23.36 25.26 Terry Alderman
47%
PAK 1997-2011 25.69 24.97 25.33 Shoaib Akhtar
40%
No matching quizzes found
Score Distribution
Percent of People with Each Score
Percentile by Number Answered
Your Score History
You have not taken this quiz